<?xml version="1.0" encoding="UTF-8"?>
<record
    xmlns:xsi="http://www.w3.org/2001/XMLSchema-instance"
    xsi:schemaLocation="http://www.loc.gov/MARC21/slim http://www.loc.gov/standards/marcxml/schema/MARC21slim.xsd"
    xmlns="http://www.loc.gov/MARC21/slim">

  <leader>03489njm a2200529Ia 4500</leader>
  <controlfield tag="001">72325</controlfield>
  <controlfield tag="003">IT-RoPAU</controlfield>
  <controlfield tag="005">20220918181116.0</controlfield>
  <controlfield tag="008">131025s9999    xx            000 0 und d</controlfield>
  <datafield tag="040" ind1=" " ind2=" ">
    <subfield code="a">IT-RoPAU</subfield>
  </datafield>
  <datafield tag="040" ind1=" " ind2=" ">
    <subfield code="c">IT-RoPAU</subfield>
  </datafield>
  <datafield tag="041" ind1=" " ind2=" ">
    <subfield code="a">POLACCO</subfield>
  </datafield>
  <datafield tag="999" ind1=" " ind2=" ">
    <subfield code="c">99421</subfield>
    <subfield code="d">99421</subfield>
  </datafield>
  <datafield tag="999" ind1=" " ind2=" ">
    <subfield code="b">n.d.</subfield>
  </datafield>
  <datafield tag="100" ind1=" " ind2=" ">
    <subfield code="a">AA.VV.</subfield>
    <subfield code="9">794</subfield>
  </datafield>
  <datafield tag="100" ind1=" " ind2=" ">
    <subfield code="e">Autore musica</subfield>
    <subfield code="9">24413</subfield>
  </datafield>
  <datafield tag="100" ind1=" " ind2=" ">
    <subfield code="g">Codice autore musica SPICS: 12000</subfield>
    <subfield code="9">796</subfield>
  </datafield>
  <datafield tag="245" ind1=" " ind2=" ">
    <subfield code="a">Opole 88-Przeboje</subfield>
  </datafield>
  <datafield tag="250" ind1=" " ind2=" ">
    <subfield code="a">1a ed.</subfield>
  </datafield>
  <datafield tag="260" ind1=" " ind2=" ">
    <subfield code="a">POLONIA</subfield>
  </datafield>
  <datafield tag="260" ind1=" " ind2=" ">
    <subfield code="b">MUZA</subfield>
    <subfield code="c">1988 [1a Ed.:1988]</subfield>
  </datafield>
  <datafield tag="300" ind1=" " ind2=" ">
    <subfield code="a">MUSICASSETTA</subfield>
  </datafield>
  <datafield tag="300" ind1=" " ind2=" ">
    <subfield code="c">44 minuti (Testo: 0 pag.)</subfield>
  </datafield>
  <datafield tag="500" ind1=" " ind2=" ">
    <subfield code="a">Music aleggera. Canzone polacca.</subfield>
  </datafield>
  <datafield tag="505" ind1=" " ind2=" ">
    <subfield code="a">Stan Pogody (Jurkstowicz Anna) - Tacy Sami (Pank Lady) - W Milosci Slowa Nic Nie Znacza (Majewska Alicja) - Siedem Nocy (Andrzejczak Felicjan) - Tluke Odbicie W Szkle (Pronko Krystyna) - O Jakbym (Rinn Danuta) - Nie Zostalo Mi Juz Nic (Krawczyk Krzysztof) - Mam Cudownych Rodzicow (Sipinska Urszula) - Bylaz Serca Biciem (Zaucha Andrzej) - Nie Masz Prawa (Borys Monika) - Zablysnie Dzien Gdy Uda Mi Sie Wszystko (Kunicka Halina)</subfield>
  </datafield>
  <datafield tag="650" ind1=" " ind2=" ">
    <subfield code="a">CANZONE POLACCA [CASSETTE]</subfield>
    <subfield code="e">Codice MATERIA SPICS: 9951</subfield>
    <subfield code="9">23705</subfield>
  </datafield>
  <datafield tag="700" ind1=" " ind2=" ">
    <subfield code="a">Cygan Jacek</subfield>
    <subfield code="d">Codice autore musica SPICS: 21358</subfield>
    <subfield code="e">Autore musica</subfield>
    <subfield code="p">Stan Pogody</subfield>
    <subfield code="9">24414</subfield>
  </datafield>
  <datafield tag="700" ind1=" " ind2=" ">
    <subfield code="a">Debski Krzesimir</subfield>
    <subfield code="d">Codice autore testo/musica SPICS: 21359</subfield>
    <subfield code="e">Autore testo/musica</subfield>
    <subfield code="p">Stan Pogody</subfield>
    <subfield code="9">24415</subfield>
  </datafield>
  <datafield tag="700" ind1=" " ind2=" ">
    <subfield code="a">Borysewicz J.</subfield>
    <subfield code="d">Codice autore musica SPICS: 25064</subfield>
    <subfield code="e">Autore musica</subfield>
    <subfield code="p">Tacy Sami</subfield>
    <subfield code="9">24416</subfield>
  </datafield>
  <datafield tag="700" ind1=" " ind2=" ">
    <subfield code="a">Skubikowski Jacek</subfield>
    <subfield code="d">Codice autore testo/musica SPICS: 17418</subfield>
    <subfield code="e">Autore testo/musica</subfield>
    <subfield code="p">Tacy Sami</subfield>
    <subfield code="9">24417</subfield>
  </datafield>
  <datafield tag="700" ind1=" " ind2=" ">
    <subfield code="a">Korcz Wlodzimierz</subfield>
    <subfield code="d">Codice autore musica SPICS: 23054</subfield>
    <subfield code="e">Autore musica</subfield>
    <subfield code="p">W Milosci Slowa Nic Nie Znacza</subfield>
    <subfield code="9">24418</subfield>
  </datafield>
  <datafield tag="700" ind1=" " ind2=" ">
    <subfield code="a">Mlynarski Wojciech</subfield>
    <subfield code="d">Codice autore testo/musica SPICS: 23055</subfield>
    <subfield code="e">Autore testo/musica</subfield>
    <subfield code="p">W Milosci Slowa Nic Nie Znacza - Mam Cudownych Rodzicow - Zablysnie Dzien Gdy Uda Mi Sie Wszystko</subfield>
    <subfield code="9">24419</subfield>
  </datafield>
  <datafield tag="700" ind1=" " ind2=" ">
    <subfield code="a">Kukulski J.</subfield>
    <subfield code="d">Codice autore musica SPICS: 25065</subfield>
    <subfield code="e">Autore musica</subfield>
    <subfield code="p">Siedem Nocy - Nie Masz Prawa</subfield>
    <subfield code="9">24420</subfield>
  </datafield>
  <datafield tag="700" ind1=" " ind2=" ">
    <subfield code="a">Chromcewicz W.</subfield>
    <subfield code="d">Codice autore testo/musica SPICS: 25176</subfield>
    <subfield code="e">Autore testo/musica</subfield>
    <subfield code="p">Siedem Nocy</subfield>
    <subfield code="9">24421</subfield>
  </datafield>
  <datafield tag="700" ind1=" " ind2=" ">
    <subfield code="a">Pronko Krystyna</subfield>
    <subfield code="d">Codice autore musica SPICS: 25066</subfield>
    <subfield code="e">Autore musica</subfield>
    <subfield code="p">Tluke Odbicie W Szkle</subfield>
    <subfield code="9">24422</subfield>
  </datafield>
  <datafield tag="700" ind1=" " ind2=" ">
    <subfield code="a">Zylinska E.</subfield>
    <subfield code="d">Codice autore testo/musica SPICS: 25177</subfield>
    <subfield code="e">Autore testo/musica</subfield>
    <subfield code="p">Tluke Odbicie W Szkle</subfield>
    <subfield code="9">24423</subfield>
  </datafield>
  <datafield tag="700" ind1=" " ind2=" ">
    <subfield code="a">Kopff A.</subfield>
    <subfield code="d">Codice autore musica SPICS: 25067</subfield>
    <subfield code="e">Autore musica</subfield>
    <subfield code="p">O Jakbym</subfield>
    <subfield code="9">24424</subfield>
  </datafield>
  <datafield tag="700" ind1=" " ind2=" ">
    <subfield code="a">Bryll E.</subfield>
    <subfield code="d">Codice autore testo/musica SPICS: 25178</subfield>
    <subfield code="e">Autore testo/musica</subfield>
    <subfield code="p">O Jakbym</subfield>
    <subfield code="9">24425</subfield>
  </datafield>
  <datafield tag="700" ind1=" " ind2=" ">
    <subfield code="a">Sokolowski S.</subfield>
    <subfield code="d">Codice autore musica SPICS: 25068</subfield>
    <subfield code="e">Autore musica</subfield>
    <subfield code="p">Nie Zostalo Mi Juz Nic</subfield>
    <subfield code="9">24426</subfield>
  </datafield>
  <datafield tag="700" ind1=" " ind2=" ">
    <subfield code="a">Jarek A.</subfield>
    <subfield code="d">Codice autore testo/musica SPICS: 25179</subfield>
    <subfield code="e">Autore testo/musica</subfield>
    <subfield code="p">Nie Zostalo Mi Juz Nic</subfield>
    <subfield code="9">24427</subfield>
  </datafield>
  <datafield tag="700" ind1=" " ind2=" ">
    <subfield code="a">Ellmann A.</subfield>
    <subfield code="d">Codice autore musica SPICS: 25069</subfield>
    <subfield code="e">Autore musica</subfield>
    <subfield code="p">Mam Cudownych Rodzicow</subfield>
    <subfield code="9">24428</subfield>
  </datafield>
  <datafield tag="700" ind1=" " ind2=" ">
    <subfield code="a">Konrad J.</subfield>
    <subfield code="d">Codice autore SPICS: 25143</subfield>
    <subfield code="e">Autore</subfield>
    <subfield code="p">Mam Cudownych Rodzicow</subfield>
    <subfield code="9">24429</subfield>
  </datafield>
  <datafield tag="700" ind1=" " ind2=" ">
    <subfield code="a">Dobrzynski J.</subfield>
    <subfield code="d">Codice autore musica SPICS: 25070</subfield>
    <subfield code="e">Autore musica</subfield>
    <subfield code="p">Bylaz Serca Biciem</subfield>
    <subfield code="9">24430</subfield>
  </datafield>
  <datafield tag="700" ind1=" " ind2=" ">
    <subfield code="a">Ksiazek Z.</subfield>
    <subfield code="d">Codice autore testo/musica SPICS: 25180</subfield>
    <subfield code="e">Autore testo/musica</subfield>
    <subfield code="p">Bylaz Serca Biciem</subfield>
    <subfield code="9">24431</subfield>
  </datafield>
  <datafield tag="700" ind1=" " ind2=" ">
    <subfield code="a">Dutkiewicz M.</subfield>
    <subfield code="d">Codice autore testo/musica SPICS: 25181</subfield>
    <subfield code="e">Autore testo/musica</subfield>
    <subfield code="p">Nie Masz Prawa</subfield>
    <subfield code="9">24432</subfield>
  </datafield>
  <datafield tag="700" ind1=" " ind2=" ">
    <subfield code="a">Matuszkiewicz Jerzy</subfield>
    <subfield code="d">Codice autore musica SPICS: 21365</subfield>
    <subfield code="e">Autore musica</subfield>
    <subfield code="p">Zablysnie Dzien Gdy Uda Mi Sie Wszystko</subfield>
    <subfield code="9">24433</subfield>
  </datafield>
  <datafield tag="942" ind1=" " ind2=" ">
    <subfield code="c">MC</subfield>
    <subfield code="2">ddc</subfield>
  </datafield>
  <datafield tag="952" ind1=" " ind2=" ">
    <subfield code="0">0</subfield>
    <subfield code="1">0</subfield>
    <subfield code="4">0</subfield>
    <subfield code="6">72325_000000000000000</subfield>
    <subfield code="7">1</subfield>
    <subfield code="a">SPICS</subfield>
    <subfield code="b">SPICS</subfield>
    <subfield code="d">2013-10-25</subfield>
    <subfield code="l">0</subfield>
    <subfield code="o">72325</subfield>
    <subfield code="r">2013-10-25 00:00:00</subfield>
    <subfield code="w">2013-10-25</subfield>
    <subfield code="y">MC</subfield>
    <subfield code="z">Progr. Ins.: 17236 / N.Vol.: 1 / Copie: 1 - Copia rara: n.d. / date import: 01.01.2014 - By Epidotti, Trombetti, Vaglietti</subfield>
  </datafield>
</record>
